Statistiche per Elenca la formazione - Quiz n°115

Clicka qui per fare il quiz!

Statistiche generali

  • Questo quiz è stato fatto 24 volte
  • Il punteggio medio è 8 su 11

Statistiche sulle risposte

RuoloNazioneCalciatore% Corretto
CentrocampistaPaesi BassiFrankie de Jong
100%
PortiereGermaniaMarc-André ter Stegen
95%
AttaccantePoloniaRobert Lewandowski
95%
AttaccanteSpagnaGavi
86%
DifensoreUruguayRonald Araújo
86%
DifensoreDanimarcaAndreas Christensen
77%
DifensoreFranciaJules Koundé
68%
AttaccanteBrasileRaphinha
68%
CentrocampistaSpagnaSergio Busquets
59%
CentrocampistaSpagnaSergi Roberto
45%
DifensoreSpagnaAlejandro Balde
41%

Distribuzione punteggi

Percentile per numero di risposta

Percentuale di utenti per punteggio

I tuoi punteggi nel tempo

Non hai fatto questo quiz